| 000 | 00429cam a2200169ua 4500 | ||
|---|---|---|---|
| 020 | _c164.00 | ||
| 041 |
_aeng _h |
||
| 082 |
_a155.2 _bBRA/ST |
||
| 100 | _aBrand, Howard . | ||
| 245 |
_aStudy of personality : Book of readings / _cHoward Brand. _hTextual Documents |
||
| 260 |
_aNew York : _bJohn Wiley & Sons , _c1954. |
||
| 300 | _a581 ; . | ||
| 365 | _a164.00 | ||
| 504 | _a | ||
| 942 | _cBK | ||
| 999 |
_c1828 _d1828 |
||